| 000 | 00676nam a22001937a 4500 | ||
|---|---|---|---|
| 005 | 20251108170938.0 | ||
| 008 | 250721s1936 xx 000 0 ara d | ||
| 082 | 1 | 4 | _aم/213.03/ونس |
| 100 | 1 | _aونسنك، ويم | |
| 245 | 1 | 0 |
_aالمعجم المفهرس لألفاظ الحديث النبوي : _bعن الكتب السته و عن مسند الدارمي و موطأ مالك و مسند أحمد بن حنبل / |
| 264 | 1 |
_aونسنك : _bمكتبة بريل، _c1936. |
|
| 300 | _a7ج | ||
| 650 | 1 | 7 | _aالإسلام |
| 650 | 1 | 7 | _aالحديث الشريف |
| 650 | 1 | 7 | _aالمعاجم |
| 700 | 1 | _aليدن، أ. ى | |
| 942 |
_2ddc _cREF |
||
| 999 |
_c52731 _d52731 |
||